Statistics for Adobe Products Quiz

Click here to take the quiz!

General Stats

  • This quiz has been taken 73 times
  • The average score is 10 of 26

Answer Stats

Answer% Correct
Photoshop
100%
Illustrator
92%
After Effects
86%
Lightroom
86%
Premiere Pro
86%
Acrobat
75%
InDesign
69%
Animate
63%
Audition
48%
Bridge
47%
Dreamweaver
47%
Xd
44%
Spark
20%
InCopy
19%
Character Animator
17%
Fonts
16%
Encore
14%
Dimension
13%
Muse
11%
Fireworks
9%
Fuse
8%
Prelude
8%
Captivate
3%
ColdFusion
3%
RoboHelp
3%
Scout
3%

Score Distribution

Percentile by Number Answered

Percent of People with Each Score

Your Score History

You have not taken this quiz